000 00666nam a2200193 i 4500
001 114144
003 ES-MaACL
005 20231228180936.0
007 t|
008 061121s1928 sp r ||||1| spa d
100 1 _aPalacio, Eduardo L. del,
_d1872-1969
_988364
245 1 0 _aMétodo cíclico de lengua francesa
_b: curso elemental práctico /
_cEduardo L. del Palacio y Andrés Román Monreal Jaén.
260 _aMadrid :
_b[s.n.],
_c1928 (
_fImp. Torrent)
300 _a293 p. ;
_c20 cm.
650 0 4 _aLengua francesa-
_vMétodos.
_914225
700 1 _aMonreal Jaén, Andrés Román.
_982272
852 _aES-MaACL
_jC-37036
999 _c114144
_d114144